Louis Braille, the boy who invented books for the blind. (Record no. 138)

MARC details
000 -LEADER
fixed length control field 01038nam a22003257a 4500
001 - CONTROL NUMBER
control field 138
003 - CONTROL NUMBER IDENTIFIER
control field FISKH
005 - DATE AND TIME OF LATEST TRANSACTION
control field 20230301084311.0
008 - FIXED-LENGTH DATA ELEMENTS--GENERAL INFORMATION
fixed length control field 230301b cb ||||| |||| 00| 0 eng d
020 ## - INTERNATIONAL STANDARD BOOK NUMBER
International Standard Book Number 9780590443500
040 ## - CATALOGING SOURCE
Original cataloging agency DLC
Transcribing agency DLC
Modifying agency DLC
-- FISKH
Language of cataloging eng
042 ## - AUTHENTICATION CODE
Authentication code lcac
050 00 - LIBRARY OF CONGRESS CALL NUMBER
Classification number HV1624.B65
Item number D37
082 00 - DEWEY DECIMAL CLASSIFICATION NUMBER
Classification number 686.2/12/0924
-- B
-- 92
100 1# - MAIN ENTRY--PERSONAL NAME
Personal name Davidson, Margaret,
Dates associated with a name 1936-
245 10 - TITLE STATEMENT
Title Louis Braille, the boy who invented books for the blind.
Statement of responsibility, etc. Illustrated by Janet Compere.
260 ## - PUBLICATION, DISTRIBUTION, ETC.
Place of publication, distribution, etc. New York,
Name of publisher, distributor, etc. Scholastic
Date of publication, distribution, etc. 1971
300 ## - PHYSICAL DESCRIPTION
Extent 80 p.
Other physical details illus.
Dimensions 22 cm.
505 ## - FORMATTED CONTENTS NOTE
Formatted contents note K
520 ## - SUMMARY, ETC.
Summary, etc. The life of the 19th-century Frenchman who invented an alphabet enabling the blind to read.
521 8# - TARGET AUDIENCE NOTE
Target audience note 580
Source Lexile
521 8# - TARGET AUDIENCE NOTE
Target audience note K
Source Raz-Plus
600 10 - SUBJECT ADDED ENTRY--PERSONAL NAME
Personal name Braille, Louis,
Dates associated with a name 1809-1852
General subdivision Juvenile literature.
600 11 - SUBJECT ADDED ENTRY--PERSONAL NAME
Personal name Braille, Louis,
Dates associated with a name 1809-1852.
650 #1 - SUBJECT ADDED ENTRY--TOPICAL TERM
Topical term or geographic name entry element Blind.
650 #1 - SUBJECT ADDED ENTRY--TOPICAL TERM
Topical term or geographic name entry element People with disabilities.
700 1# - ADDED ENTRY--PERSONAL NAME
Personal name Compere, Janet,
Relator term illus.
906 ## - LOCAL DATA ELEMENT F, LDF (RLIN)
a 7
b cbc
c orignew
d 1
e ocip
f 19
g y-gencatlg
942 ## - ADDED ENTRY ELEMENTS (KOHA)
Source of classification or shelving scheme Dewey Decimal Classification
Koha item type Books
Suppress in OPAC No
Holdings
Withdrawn status Lost status Source of classification or shelving scheme Damaged status Not for loan Collection Home library Current library Shelving location Date acquired Total Checkouts Full call number Barcode Date last seen Date last checked out Price effective from Koha item type
    Dewey Decimal Classification     Non-Fiction Footprints International School Library Network Toul Kork Campus Footprints International School Library Network Toul Kork Campus TK Primary Library Room(4th Floor), Bookcase 3&4, Shelves 17-32, Yellow Books 03/01/2023 2 DAV 686.2120924 HV1624.B65 FISTK00077 09/18/2024 09/18/2024 03/01/2023 Books